Statistics for 100 Biggest Cities of the United States in 1900 with a Map

Click here to take the quiz!

General Stats

  • This quiz has been taken 1,716 times
  • The average score is 64 of 100

Answers on the Map

Answers color-coded by a green-red scale on the quiz's map according to % correct below.
 

Answer Stats

StatePopulationCity% Correct
IL1,698,575Chicago
99%
CA102,479Los Angeles
99%
NY3,437,202New York City
99%
CA342,782San Francisco
99%
MA560,892Boston
98%
TX42,638Dallas
98%
TX44,633Houston
98%
WA80,671Seattle
98%
LA287,104New Orleans
97%
DC278,718Washington D.C.
97%
CO133,859Denver
96%
MI285,704Detroit
96%
PA1,293,697Philadelphia
96%
GA89,872Atlanta
95%
OR90,426Portland
95%
ME50,145Portland
95%
UT53,531Salt Lake City
94%
IN169,164Indianapolis
93%
MD508,957Baltimore
92%
MO163,752Kansas City
92%
KS51,418Kansas City
92%
MN202,718Minneapolis
92%
NY352,387Buffalo
91%
OH391,768Cleveland
91%
TN80,865Nashville
91%
PA321,616PIttsburgh
91%
MO575,238St. Louis
91%
WI285,315Milwaukee
90%
TX53,321San Antonio
90%
OH125,560Columbus
89%
TN102,320Memphis
89%
OH325,902Cincinnati
88%
NY94,151Albany
85%
(HI)39,306Honolulu
85%
MN163,065Saint Paul
84%
RI175,597Providence
82%
VA85,050Richmond
82%
AL38,415Birmingham
81%
SC55,807Charleston
80%
KY204,731Louisville
80%
IA62,139Des Moines
79%
NE102,555Omaha
79%
CA66,960Oakland
78%
NJ246,070Newark
76%
GA54,244Savannah
76%
MA62,059Springfield
76%
AL38,469Mobile
75%
NE40,169Lincoln
74%
CT79,850Hartford
73%
NY162,608Rochester
72%
OH131,822Toledo
70%
NY108,374Syracuse
69%
PA50,167Harrisburg
68%
NJ206,433Jersey City
66%
NJ73,307Trenton
65%
PA52,733Erie
63%
OH42,728Akron
62%
MN52,969Duluth
61%
MI87,565Grand Rapids
61%
CT108,027New Haven
61%
OH85,333Dayton
57%
VA46,624Norfolk
57%
NH56,987Manchester
56%
PA102,026Scranton
55%
GA39,441Augusta
53%
DE76,508Wilmington
53%
MA118,421Worcester
52%
IN45,115Fort Wayne
51%
NY47,931Yonkers
50%
CT70,996Bridgeport
49%
MA91,886Cambridge
46%
NY56,383Utica
42%
IL56,100Peoria
39%
OH44,885Youngstown
38%
IN59,007Evansville
36%
MA94,969Lowell
33%
NJ75,935Camden
32%
NJ52,130Elizabeth
32%
PA41,459Lancaster
32%
WV38,878Wheeling
31%
NJ105,171Paterson
30%
PA51,721Wilkes-Barre
29%
NY39,647Binghamton
28%
PA78,961Reading
28%
MI42,345Saginaw
26%
MA62,442New Bedford
25%
NY60,651Troy
25%
NJ59,364Hoboken
24%
PA38,973Altoona
23%
MO102,979St. Joseph
22%
MA104,863Fall River
21%
CT45,859Waterbury
20%
MA68,513Lynn
19%
KY42,938Covington
18%
RI39,231Pawtucket
18%
MA62,559Lawrence
17%
MA40,063Brockton
16%
PA129,896Allegheny
15%
MA61,643Somerville
14%
MA45,712Holyoke
12%

Score Distribution

Percentile by Number Answered

Percent of People with Each Score

Your Score History

You have not taken this quiz